| 000 | 01394nam a2200349Ia 4500 | ||
|---|---|---|---|
| 001 | ebr10601769 | ||
| 003 | CaPaEBR | ||
| 006 | m u | ||
| 007 | cr cn||||||||| | ||
| 008 | 100303s2010 xnaa s 000 0 eng d | ||
| 010 | _z 2009482973 | ||
| 020 | _z1877058912 (hbk) | ||
| 020 | _z9781877058912 (hbk) | ||
| 020 | _z9781922013033 | ||
| 040 |
_aCaPaEBR _cCaPaEBR |
||
| 035 | _a(OCoLC)815476331 | ||
| 050 | 1 | 4 |
_aD568.3 _b.S5 2010eb |
| 100 | 1 | _aSilas, Ellis. | |
| 245 | 1 | 3 |
_aAn eyewitness account of Gallipoli _h[electronic resource] / _cwords and sketches by Signaller Ellis Silas ; edited by John Laffin. |
| 250 | _a2nd ed. | ||
| 260 |
_aKenthurst, N.S.W. : _bRosenberg Pub., _c2010. |
||
| 300 |
_a90 p. : _bill. |
||
| 533 |
_aElectronic reproduction. _bPalo Alto, Calif. : _cebrary, _d2011. _nAvailable via World Wide Web. _nAccess may be limited to ebrary affiliated libraries. |
||
| 600 | 1 | 0 |
_aSilas, Ellis _vDiaries. |
| 650 | 0 |
_aWorld War, 1914-1918 _xCampaigns _zTurkey _zGallipoli Peninsula _vPictorial works. |
|
| 650 | 0 |
_aWorld War, 1914-1918 _vArt and the war. |
|
| 650 | 0 |
_aWorld War, 1914-1918 _vPersonal narratives, Australian. |
|
| 655 | 7 |
_aElectronic books. _2local |
|
| 700 | 1 | _aLaffin, John. | |
| 710 | 2 | _aebrary, Inc. | |
| 856 | 4 | 0 |
_uhttp://site.ebrary.com/lib/rucke/Doc?id=10601769 _zAn electronic book accessible through the World Wide Web; click to view |
| 999 |
_c194422 _d194422 |
||